| 000 | 00731nam a22002177a 4500 | ||
|---|---|---|---|
| 005 | 20230417140901.0 | ||
| 008 | 230111b cl ||||| |||| 00| 0 spa d | ||
| 020 | _a9567397775 | ||
| 050 | 0 | 4 |
_aKHF3013 _bL53 2006 |
| 245 | 0 | 0 |
_aLibertad de expresión en Chile _c / editor Felipe González ; autores Pedro Anguita,...[et al]. |
| 250 | _a1a ed. | ||
| 260 |
_aSantiago : _bUniversidad Diego Portales. Facultad de Derecho, _c2006 |
||
| 300 |
_a521 p. ; _c23 cm. |
||
| 504 | _aBibliografía : p. 519-521 | ||
| 650 | 7 |
_2lemb _aLibertad de expresión _zChile |
|
| 700 | 1 |
_aGonzález, Felipe, _eeditor |
|
| 700 | 1 |
_aAnguita, Pedro, _eautor |
|
| 700 | 1 |
_aContesse, Jorge, _eautor |
|
| 700 | 1 |
_aLovera, Domingo, _eautor |
|
| 942 |
_2lcc _cLIB |
||
| 999 |
_c58515 _d58515 |
||